[Event "32nd Avoine Open 2017"]
[Site "Avoine FRA"]
[Date "2017.07.24"]
[Round "3.23"]
[White "Leriche,I"]
[Black "Belenkaya,D"]
[Result "0-1"]
[WhiteElo "2006"]
[BlackElo "2323"]

1.d4 d5 2.c4 dxc4 3.e4 Nf6 4.e5 Nd5 5.Bxc4 Nc6 6.Nc3 Nb6 7.Bb5 Be6 8.Nge2 Qd7
9.Be3 Bc4 10.Bxc6 Qxc6 11.O-O e6 12.Rc1 Qd7 13.b3 Ba6 14.Ne4 Nd5 15.Nc5 Bxc5
16.Rxc5 O-O 17.Qd2 c6 18.Rb1 Rad8 19.Ng3 Nxe3 20.fxe3 b6 21.Rc3 c5 22.Rd1 Bb7
23.Nh5 Kh8 24.Qe2 f6 25.exf6 gxf6 26.Qf2 Qf7 27.Qh4 Rg8 28.Rd2 Rg5 29.Ng3 Qg6
30.Rf2 e5 31.Rd2 Rg4 32.Qh3 Bc8 33.Nf1 Rgxd4 34.exd4 Bxh3 35.Rxh3 cxd4 36.Rf2 e4
37.Rg3 Qf7 38.Rg4 e3  0-1

[Event "Ferro Carril Oeste Master"]
[Site "Buenos Aires ARG"]
[Date "2017.07.26"]
[Round "1.5"]
[White "Sorin,A"]
[Black "Dolezal,C"]
[Result "0-1"]
[WhiteElo "2420"]
[BlackElo "2400"]

1.d4 d5 2.c4 dxc4 3.e4 Nf6 4.e5 Nd5 5.Bxc4 Nb6 6.Bb3 Nc6 7.Ne2 Bf5 8.Nbc3 e6
9.a3 Qd7 10.Ba2 O-O-O 11.Be3 Qe8 12.Qc1 Ne7 13.O-O Ned5 14.Ng3 Bg6 15.Nge4 Nxc3
16.Nxc3 Bd3 17.Rd1 Bc4 18.Bxc4 Nxc4 19.Bg5 Be7 20.Bxe7 Qxe7 21.Nb5 Na5 22.Nxa7+ Kb8
23.Qc3 Rd5 24.b4 Kxa7 25.bxa5 Rhd8 26.Rdb1 Qd7 27.Qb4 Qc6 28.Qe7 R8d7 29.Qg5 g6
30.Qh6 Rxd4 31.Qxh7 Qc3 32.h3 Qxa5 33.Qh8 b6 34.Re1 Kb7 35.Qf6 Qa4 36.Qf3+ Kb8
37.Re3 Rf4 38.Qe2 Qd4 39.Ra2 Qd1+ 40.Qxd1 Rxd1+ 41.Kh2 Kb7 42.g3 Rfd4 43.h4 R1d3
44.Rxd3 Rxd3 45.g4 Kc6 46.Kg2 Kd5 47.Rc2 c5 48.Rb2 Kxe5 49.Rxb6 Rxa3 50.Rb7 f5
51.h5 gxh5 52.gxh5 Ra4 53.Kh3 Rg4 54.h6 Rg6 55.h7 Rh6+ 56.Kg3 c4 57.Rc7 Kd4
58.Kf4 c3 59.Kg5 Rh1 60.Kf6 Kd3 61.Kxe6 c2 62.Kxf5 Rxh7 63.Rxc2 Kxc2 64.f4 Kd3
65.Kg6 Rh1 66.f5 Rg1+ 67.Kf7 Ke4 68.f6 Kf5  0-1

[Event "Xtracon Chess Open 2017"]
[Site "Helsingor DEN"]
[Date "2017.07.26"]
[Round "6.190"]
[White "Olsen,Kim Alex"]
[Black "Gelders,Eline"]
[Result "1-0"]
[WhiteElo "1706"]
[BlackElo "1298"]

1.d4 d5 2.c4 dxc4 3.e4 Nf6 4.Nc3 Nc6 5.Nf3 e6 6.Bxc4 Bb4 7.Bg5 h6 8.Bxf6 Qxf6
9.O-O b6 10.Nb5 Qe7 11.a3 Bd6 12.e5 Bxe5 13.dxe5 O-O 14.Nc3 Rd8 15.Qc2 Bb7
16.Rad1 Nxe5 17.Nxe5 Qg5 18.f3 Qxe5 19.Qe2 Qc5+ 20.Kh1 Qe7 21.Rxd8+ Rxd8
22.Rd1 Rxd1+ 23.Qxd1 Qc5 24.Qd8+ Kh7 25.Qd3+ Kg8 26.h3 Qe5 27.Qd2 Qc5 28.Bb3 Ba6
29.Bc2 Qe7 30.Qe3 Qd6 31.Qe4 g6 32.Qe3 Qg3 33.Ne4 Qh4 34.Qc3 c5 35.Nf6+ Kf8
36.Ne4 Kg8 37.Bd3 Bxd3 38.Qxd3 f5 39.Nd2 Qe1+ 40.Nf1 Qc1 41.Qe2 Kf7 42.Kh2 Qf4+
43.g3 Qd6 44.Qd2 Qc6 45.Kg2 g5 46.Ne3 Kg6 47.Nc4 Qc8 48.Qd6 h5 49.Qe7 g4
50.Ne5+ Kh6 51.Qf6+  1-0

[Event "10th Paleochora Open 2017"]
[Site "Paleochora GRE"]
[Date "2017.07.26"]
[Round "9.27"]
[White "Galunova,T"]
[Black "Loshkarev,D"]
[Result "1-0"]
[WhiteElo "2217"]
[BlackElo "2057"]

1.d4 d5 2.c4 dxc4 3.e4 Nf6 4.e5 Nd5 5.Bxc4 Nb6 6.Bd3 Nc6 7.Be3 Be6 8.Ne2 Qd7
9.Nbc3 O-O-O 10.Be4 f5 11.Bf3 Nb4 12.O-O N4d5 13.g3 h6 14.Qd3 g5 15.Rfd1 Nxc3
16.Nxc3 Bc4 17.Qc2 e6 18.d5 Bxd5 19.Bxb6 axb6 20.Nxd5 exd5 21.Rxd5 Qe6 22.Rxd8+ Kxd8
23.Rd1+ Kc8 24.Qa4 c6 25.Qa8+  1-0

[Event "30th Kiel Open 2017"]
[Site "Kiel GER"]
[Date "2017.07.29"]
[Round "1.26"]
[White "Neumann,F"]
[Black "Bernard,Adrian"]
[Result "1-0"]
[WhiteElo "2072"]
[BlackElo "1745"]

1.d4 d5 2.c4 dxc4 3.e4 e5 4.Nf3 exd4 5.Qxd4 Qxd4 6.Nxd4 Bc5 7.Be3 Bd7 8.Bxc4 Nf6
9.f3 c6 10.Nc3 Bb4 11.Ke2 Bxc3 12.bxc3 b5 13.Bd3 Na6 14.Nb3 O-O 15.a4 Nc7
16.axb5 cxb5 17.Bxa7 Ne6 18.g3 Rfc8 19.Bd4 Ne8 20.Rxa8 Rxa8 21.Ra1 Rxa1 22.Nxa1 Nd6
23.Nb3 Nb7 24.Bb6 Kf8 25.Nd4 Nxd4+ 26.cxd4 Ke8 27.Kd2 Nd6 28.Kc3 Nc4 29.Bxc4 bxc4
30.Kxc4 Bh3 31.Kd3 Bf1+ 32.Ke3 Kd7 33.d5 Bc4 34.Bc5 Bb3 35.Bf8 g6 36.Kd4 h5
37.h4 Bd1 38.Ke3 Ke8 39.Bc5 Kd7 40.Kf4 Be2 41.g4 Bd1 42.g5 Be2 43.Ke3 Bd1
44.f4 Bg4 45.Kd4 Bh3 46.Ke5 Bg2 47.f5 Ke8 48.fxg6 fxg6 49.Kd4 Bf3 50.e5 Bg4
51.e6 Bf3 52.d6 Bg4 53.d7+  1-0

[Event "32nd Avoine Open 2017"]
[Site "Avoine FRA"]
[Date "2017.07.30"]
[Round "9.10"]
[White "Ollier,P"]
[Black "Roussel,G"]
[Result "1-0"]
[WhiteElo "2378"]
[BlackElo "2184"]

1.d4 d5 2.c4 dxc4 3.e4 Nf6 4.e5 Nd5 5.Bxc4 Nb6 6.Bd3 Nc6 7.Be3 g6 8.Nc3 Bg7
9.Nge2 O-O 10.O-O Nb4 11.Be4 e6 12.Rc1 c6 13.Bf3 N4d5 14.Ne4 Nxe3 15.fxe3 Nd5
16.Qd2 Qb6 17.N2c3 Bd7 18.Nxd5 exd5 19.Nf6+ Bxf6 20.exf6 Qd8 21.Bd1 Re8 22.Qf2 h6
23.Bc2 Kh7 24.Rce1 c5 25.h4 Bb5 26.h5 Bxf1 27.hxg6+ fxg6 28.Rxf1 Rf8 29.dxc5 Qe8
30.f7 Qe6 31.Qf4 Rad8 32.Rf3 h5 33.Rg3 Rxf7 34.Rxg6 Qxg6 35.Qxf7+  1-0

[Event "Ferro Carril Oeste Master"]
[Site "Buenos Aires ARG"]
[Date "2017.07.30"]
[Round "5.3"]
[White "Sorin,A"]
[Black "Iermito,S"]
[Result "1/2-1/2"]
[WhiteElo "2420"]
[BlackElo "2498"]

1.d4 d5 2.c4 dxc4 3.e4 Nc6 4.d5 Ne5 5.Bf4 Ng6 6.Be3 Nf6 7.Nc3 e6 8.Bxc4 exd5
9.exd5 Bd6 10.Nf3 O-O 11.O-O Ne5 12.Nxe5 Bxe5 13.h3 a6 14.a4 Bf5 15.Qf3 Qd7
16.Rfd1 Rfe8 17.Bd4 Bg6 18.a5 Bh5 19.g4 Bg6 20.Bb3 h5 21.Ba4 hxg4 22.hxg4 Qxg4+
23.Qxg4 Nxg4 24.Bxe8 Rxe8 25.Re1 f6 26.Bxe5 Nxe5 27.Re3 Kf8 28.Ra4 Bf5 29.f4 Nd3
30.Rxe8+ Kxe8 31.Rd4 Kd7 32.b4 Ne1 33.Rd1 Nd3 34.Na4 Kd6 35.Rd2 Nxb4 36.Rb2 Nxd5
37.Rxb7 Nxf4 38.Nc3 Kc6 39.Rb8 Ne6 40.Kf2 Bd3 41.Ke3 Bc4 42.Ke4 Nc5+ 43.Kd4 Be6
44.Ra8 Nb3+ 45.Kd3 Kb7 46.Re8 Bf5+ 47.Ke3 Nxa5 48.Re7 g6 49.Nd5 Kc6 50.Nxc7 Bc8
51.Nxa6 Bxa6 52.Re6+  1/2-1/2

[Event "50th Biel GM 2017"]
[Site "Biel SUI"]
[Date "2017.08.01"]
[Round "8.5"]
[White "Morozevich,A"]
[Black "Studer,N"]
[Result "1-0"]
[WhiteElo "2675"]
[BlackElo "2493"]

1.d4 d5 2.c4 dxc4 3.e4 Nf6 4.e5 Nd5 5.Bxc4 Nc6 6.Ne2 Bf5 7.O-O e6 8.a3 Qd7
9.Nbc3 Nce7 10.Bd2 Nb6 11.Ba2 Ned5 12.Ng3 Bg6 13.h4 O-O-O 14.a4 Nxc3 15.bxc3 Nd5
16.a5 a6 17.h5 Bd3 18.Re1 Qb5 19.Bb3 Bc4 20.Ba4 Qb2 21.Ne4 Bd3 22.Ng5 Nxc3
23.Bxc3 Qxc3 24.Nxf7 Qxd4 25.Nxh8 Bc5 26.Re3 Qb2 27.Nf7 Bxe3 28.fxe3 Rd5
29.Qc1 Qe2 30.Bb3 Rb5 31.Nd6+  1-0

[Event "6th Arber Open 2017"]
[Site "Bayerisch Eisenstein GER"]
[Date "2017.08.05"]
[Round "8.35"]
[White "Neis,C"]
[Black "Kucuk,Dogukan"]
[Result "0-1"]
[WhiteElo "1914"]
[BlackElo "1764"]

1.d4 d5 2.c4 dxc4 3.e4 e5 4.Nf3 exd4 5.Bxc4 Be6 6.Bxe6 fxe6 7.Qxd4 Nc6 8.Qc4 Bb4+
9.Bd2 Qe7 10.O-O Bxd2 11.Nbxd2 e5 12.Nb3 O-O-O 13.Rfd1 Nf6 14.Nc5 Rxd1+ 15.Rxd1 Rd8
16.Rc1 Nd4 17.Nxd4 Rxd4 18.Qb3 b6 19.Na6 c5 20.Qb5 Qd7 21.Qf1 Nxe4 22.b4 Nd2
23.Qe2 Re4 24.Qh5 g6 25.Qh6 Kb7 26.bxc5 Kxa6 27.c6 Qd3 28.Qf8 Rc4 29.Qc8+ Kb5
30.a4+ Kb4 31.Rxc4+ Qxc4 32.h3 Qc1+ 33.Kh2 Nf1+ 34.Kg1 Ne3+ 35.Kh2 Nd5 36.Qd7 Qc5
37.g4 Qxf2+ 38.Kh1 Qc5 39.h4 Qc1+ 40.Kh2 Qd2+ 41.Kh1 Qe1+ 42.Kh2 Nf4 43.Qe7+ Kc4
44.Qf7+ Kd4 45.Qa2 Qxh4+ 46.Kg1 Qxg4+ 47.Kf1 Qf3+  0-1

[Event "Tower of Concord Rapid 1"]
[Site "Nazran RUS"]
[Date "2017.08.05"]
[Round "1"]
[White "Gelfand,B"]
[Black "Inarkiev,E"]
[Result "0-1"]
[WhiteElo "2729"]
[BlackElo "2702"]

1.d4 d5 2.c4 dxc4 3.e4 Nf6 4.e5 Nd5 5.Bxc4 Bf5 6.Qb3 c6 7.Bxd5 cxd5 8.Qxb7 e6
9.Qxa8 Qb6 10.Nc3 Bb4 11.Ne2 O-O 12.O-O Nc6 13.Qxf8+ Kxf8 14.Be3 Bxc3 15.Nxc3 Qxb2
16.Rfc1 h6 17.Na4 Qb5 18.Nc5 Kg8 19.h3 Qb2 20.Na4 Qb5 21.Nc5 Na5 22.Bd2 Nc4
23.a4 Qb6 24.Be1 a5 25.Ra2 h5 26.Re2 Kh7 27.f3 Kg8 28.Kh2 Bg6 29.g4 Qd8 30.Bg3 Qb6
31.Be1 Qd8 32.Rc3 Kh7 33.Rb3 Qg5 34.Kg2 Qc1 35.Bf2 Nd2 36.Re1 Qc2 37.Rb8 Qc3
38.Re3 Qc4 39.Re1 Qc3 40.Re3 Qxd4 41.Nd7 Bd3 42.Re1 Qc3 43.Nf8+ Kh6 44.Be3+ g5
45.h4 Nxf3 46.hxg5+ Nxg5 47.Rc1 Qxe5  0-1

[Event "Tower of Concord Rapid 2"]
[Site "Nazran RUS"]
[Date "2017.08.05"]
[Round "1"]
[White "Gelfand,B"]
[Black "Inarkiev,E"]
[Result "1/2-1/2"]
[WhiteElo "2729"]
[BlackElo "2702"]

1.d4 d5 2.c4 dxc4 3.e4 Nf6 4.e5 Nd5 5.Bxc4 Bf5 6.Qb3 c6 7.Bxd5 cxd5 8.Qxb7 Qc8
9.Qxc8+ Bxc8 10.Nc3 e6 11.f4 Nc6 12.Nf3 Ba6 13.Kf2 Rb8 14.Rd1 Kd7 15.b3 Be7
16.Na4 Rhc8 17.Be3 Nb4 18.Ne1 Bb5 19.Nc5+ Bxc5 20.dxc5 a5 21.Rd2 Rb7 22.Rc1 Ke8
23.Rc3 Rcb8 24.Nf3 Nc6 25.Rb2 Ba6 26.Nd4 Kd7 27.Rd2 h5 28.g3 g6 29.Kg2 a4
30.bxa4 Rb4 31.Rb3 Nxd4 32.Rxb4 Rxb4 33.Rxd4 Bc4 34.Rd2 Rxa4 35.Kf2 Kc6 36.Rb2 Bb5
37.Rd2 Bc4 38.Rb2 Bb5  1/2-1/2

[Event "10th Calgary Int 2017"]
[Site "Calgary CAN"]
[Date "2017.08.06"]
[Round "7.8"]
[White "Haessel,D"]
[Black "Gold,Itohan"]
[Result "1-0"]
[WhiteElo "2205"]
[BlackElo "1988"]

1.d4 d5 2.c4 dxc4 3.e4 c5 4.d5 e6 5.Bxc4 exd5 6.exd5 Nf6 7.Nc3 a6 8.a4 Bd6
9.Qe2+ Qe7 10.Bg5 Qxe2+ 11.Ngxe2 Nbd7 12.O-O O-O 13.Ng3 h6 14.Be3 Re8 15.Rfe1 Ne5
16.Be2 Neg4 17.Bd2 Bd7 18.h3 Bxg3 19.fxg3 Ne3 20.Rac1 Nexd5 21.Nxd5 Nxd5
22.Rxc5 Nf6 23.Bf3 Rxe1+ 24.Bxe1 Bxa4 25.Bxb7 Re8 26.Rc8 Rxc8 27.Bxc8 Bb5
28.Kf2 g6 29.Ke3 Nd5+ 30.Kd4 Ne7 31.Bb7 Nf5+ 32.Kc5 Ne3 33.b4 Bf1 34.Bd2 Nf5
35.g4 Nh4 36.g3 Ng2 37.Kb6  1-0

[Event "ch-ESP Rapid 2017"]
[Site "Linares ESP"]
[Date "2017.08.13"]
[Round "2.10"]
[White "Vazquez Igarza,R"]
[Black "Silva Rodriguez,F"]
[Result "1-0"]
[WhiteElo "2574"]
[BlackElo "2235"]

1.d4 d5 2.c4 dxc4 3.e4 b5 4.a4 c6 5.Nc3 a6 6.axb5 cxb5 7.Nxb5 axb5 8.Rxa8 Bb7
9.Ra1 e6 10.Ne2 Nc6 11.Be3 Nb4 12.Nc3 Nf6 13.f3 Qb6 14.Be2 Nd7 15.O-O Be7
16.b3 O-O 17.bxc4 bxc4 18.Qd2 Ba6 19.Rfb1 Qc6 20.d5 exd5 21.Nxd5 Nxd5 22.Qxd5 Rc8
23.Rxa6 Qxa6 24.Qxd7 Bf8 25.Rb7 Qe6 26.Qxe6 fxe6 27.Rb1 c3 28.Rc1 Ba3 29.Rc2 Bb2
30.Kf2 e5 31.Ba6 Rc6 32.Bb5 Rc7 33.Ke2 Rc8 34.Bc1  1-0

[Event "ch-ESP Rapid 2017"]
[Site "Linares ESP"]
[Date "2017.08.13"]
[Round "8.15"]
[White "Moreno Ruiz,J"]
[Black "Montoliu Cervero,F"]
[Result "0-1"]
[WhiteElo "2460"]
[BlackElo "2384"]

1.d4 d5 2.c4 dxc4 3.e4 Nf6 4.e5 Nd5 5.Bxc4 e6 6.Nf3 Be7 7.Nc3 Nxc3 8.bxc3 c5
9.d5 exd5 10.Bxd5 O-O 11.O-O Qc7 12.h3 Nc6 13.Bf4 Be6 14.Be4 Rad8 15.Qc2 h6
16.Rfe1 Bd5 17.Bxd5 Rxd5 18.Qe4 Qd7 19.Nh2 Rd8 20.Ng4 Qe6 21.Rab1 b6 22.Re3 Rd1+
23.Rxd1 Rxd1+ 24.Kh2 h5 25.Nh6+ gxh6 26.Rg3+ Kh8 27.Qf3 Rd8 28.Qxh5 Kh7 29.Bxh6 Qxh6
30.Qxf7+ Kh8 31.Rg6 Qf8 32.Qe6 Qf4+ 33.Rg3 Bh4 34.Qxc6 Bxg3+ 35.fxg3 Qxe5
36.Qh6+ Kg8 37.Qg6+ Kf8 38.Qh6+ Qg7 39.Qf4+ Ke7 40.Qe3+ Kd7 41.h4 Qg6 42.Qf3 Kc7
43.Qf4+ Kc6 44.Qf3+ Kb5 45.h5 Qg5 46.g4 Kc4 47.Qf5 Qxf5 48.gxf5 Kxc3 49.Kg3 Kd4
50.Kf4 c4  0-1

[Event "Irena Warakomska Mem B"]
[Site "Suwalki POL"]
[Date "2017.08.15"]
[Round "6.13"]
[White "Lada,Michal"]
[Black "Pawelec,B"]
[Result "1/2-1/2"]
[WhiteElo "1875"]
[BlackElo "2050"]

1.d4 d5 2.c4 dxc4 3.e4 e5 4.d5 Nf6 5.Nc3 c6 6.Bxc4 b5 7.Bd3 b4 8.Na4 cxd5
9.Bg5 d4 10.Nf3 Nbd7 11.Bb5 Qa5 12.Bc6 Rb8 13.Bxf6 gxf6 14.O-O Qa6 15.Rc1 Bh6
16.Rc2 d3 17.Bxd7+ Bxd7 18.Nc5 Qd6 19.Qxd3 Qxd3  1/2-1/2

[Event "TCh-ESP Div Honor 2017"]
[Site "Linares ESP"]
[Date "2017.08.16"]
[Round "3.1"]
[White "Duda,J"]
[Black "Laznicka,V"]
[Result "1/2-1/2"]
[WhiteElo "2707"]
[BlackElo "2664"]

1.d4 d5 2.c4 dxc4 3.e4 Nf6 4.e5 Nd5 5.Bxc4 Nb6 6.Bb3 Nc6 7.Ne2 Bf5 8.Nbc3 e6
9.O-O Qd7 10.Be3 Nb4 11.Nf4 N4d5 12.Ncxd5 Nxd5 13.Qf3 c6 14.Nxd5 cxd5 15.Qg3 Bg6
16.h4 Be7 17.Rfc1 O-O 18.Bd1 h5 19.Bg5 Rfc8 20.Qe3 Bxg5 21.hxg5 Rxc1 22.Rxc1 Rc8
23.Rc3 Rxc3 24.Qxc3 Qd8 25.f4 h4 26.a4 a5 27.Qc5 Bf5 28.Kf2 Kh7 29.Bc2 Bxc2
30.Qxc2+ g6 31.Qc5 Qa8 32.Qe7 Kg8 33.f5 Qc8 34.fxe6 Qc2+ 35.Kg1 Qc1+ 36.Kh2 Qf4+
37.Kh1 Qf1+ 38.Kh2 Qf4+  1/2-1/2

[Event "19th Sants Open 2017"]
[Site "Barcelona ESP"]
[Date "2017.08.21"]
[Round "4.40"]
[White "Collins,S IRL"]
[Black "Ventura Bolet,M"]
[Result "1/2-1/2"]
[WhiteElo "2443"]
[BlackElo "2228"]

1.d4 d5 2.c4 dxc4 3.e4 Nf6 4.e5 Nd5 5.Bxc4 Nb6 6.Bb3 Nc6 7.Ne2 Bf5 8.Nbc3 e6
9.O-O Be7 10.Be3 O-O 11.a3 Qd7 12.Bc2 Bg6 13.Bxg6 hxg6 14.Qc2 Nc4 15.Ne4 Nxe3
16.fxe3 Rac8 17.Rad1 Nb8 18.N2c3 c6 19.Rf3 Qe8 20.g4 c5 21.g5 cxd4 22.exd4 Qd8
23.Qg2 Rc4 24.Rfd3 Nc6 25.b3 Rxc3 26.Nxc3 Bxg5 27.Ne4 Bh6 28.Nd6 Qh4 29.Kh1 Ne7
30.Nxb7 Nd5 31.Qg3 Qe4+ 32.Qf3 Qh4 33.Qg3 Qe4+ 34.Qf3 Qh4 35.Nd6 Nf4 36.Qg3 Qd8
37.Rf3 Qa8 38.h4 Qc6 39.Rf1 Qd5 40.Kh2 Ne2 41.Qf2 Nxd4 42.Rxf7 Qxe5+ 43.Kh3 Nf5
44.Rxf8+ Kxf8 45.Nc4 Qe4 46.Re1 Qd3+ 47.Kg2 Kg8 48.Ne5 Qd5+ 49.Nf3 Qxb3 50.Qxa7 Qb2+
51.Kh3 Qb3 52.Qa8+ Kh7 53.a4 Nd4 54.Kg4 Nxf3 55.Qxf3 Qxa4+ 56.Qe4 Qxe4+ 57.Rxe4 Bd2
58.Rxe6 Bc3 59.Re8 Bf6 60.Rf8 Bc3 61.Kg5 Bf6+ 62.Kg4 Bc3 63.Rc8 Bf6 64.Rc4 Bb2
65.Rc6 Bd4 66.Ra6 Bc3 67.Ra3 Bb2 68.Rh3 Bf6 69.Rh1 Bc3 70.h5 gxh5+ 71.Rxh5+ Kg6
72.Rg5+ Kf7 73.Kf5 Bf6 74.Rg6 Ke7 75.Rg2 Kf7 76.Rg4 Kf8 77.Kg6 Ke7 78.Re4+ Kf8
79.Re3 Bd4 80.Rd3 Bf6 81.Rd7 Ke8 82.Rb7 Kf8 83.Rf7+ Ke8 84.Rb7 Kf8 85.Rc7 Ke8
86.Kf5 Kf8 87.Kg6 Ke8 88.Rf7 Bc3 89.Ra7 Bf6 90.Kh7 Kf8 91.Rb7 Be5 92.Kg6 Bf6  1/2-1/2

[Event "Brasschaat Open 2017"]
[Site "Brasschaat BEL"]
[Date "2017.08.21"]
[Round "3.3"]
[White "Brokken,D"]
[Black "Eerens,P"]
[Result "1-0"]
[WhiteElo "2401"]
[BlackElo "2134"]

1.d4 d5 2.c4 dxc4 3.e4 e5 4.Nf3 Bb4+ 5.Nc3 exd4 6.Nxd4 Qe7 7.Bxc4 Nf6 8.O-O O-O
9.Qd3 Rd8 10.Rd1 Qe5 11.Bxf7+ Kxf7 12.Nf3 Ke8  1-0

[Event "Stockholm Open 2017"]
[Site "Stockholm SWE"]
[Date "2017.08.21"]
[Round "9.6"]
[White "Sundin,Emanuel"]
[Black "Sandberg,Philip"]
[Result "0-1"]
[WhiteElo "1995"]
[BlackElo "1825"]

1.d4 d5 2.c4 dxc4 3.e4 e5 4.Nf3 exd4 5.Bxc4 Nc6 6.O-O Nf6 7.Qb3 Qe7 8.e5 Nxe5
9.Nxe5 Qxe5 10.Bxf7+ Kd8 11.Nd2 Qd6 12.Nf3 c5 13.Re1 Be7 14.Ng5 h6 15.Ne6+ Bxe6
16.Bxe6 Qb6 17.Qg3 g5 18.f4 Qc7 19.Qd3 gxf4 20.Qf5 Rf8 21.Bxf4 Bd6 22.Bxh6 Qh7
23.Bxf8 Qxf5 24.Bxf5 Bxf8 25.Be4 Ng4 26.Rac1 Bh6 27.Rxc5 Be3+ 28.Kf1 Ke7
29.h3 d3 30.Rxe3 Nxe3+ 31.Kf2 d2 32.Bc2 Nxc2 33.Ke2 Rd8 34.Rc7+ Ke6  0-1

[Event "19th Sants Open 2017"]
[Site "Barcelona ESP"]
[Date "2017.08.22"]
[Round "5.8"]
[White "Novikov,St1"]
[Black "Erdogdu,M"]
[Result "0-1"]
[WhiteElo "2538"]
[BlackElo "2415"]

1.d4 d5 2.c4 dxc4 3.e4 Nc6 4.Nf3 Bg4 5.d5 Ne5 6.Bf4 Ng6 7.Be3 Nf6 8.Nc3 e5
9.Bxc4 Nh4 10.Bb5+ Nd7 11.Rg1 Bd6 12.h3 Bxf3 13.gxf3 Ng6 14.Qb3 O-O 15.Be2 a6
16.Rg4 b5 17.Qc2 Nf4 18.Bf1 h5 19.Rg1 Rc8 20.O-O-O c6 21.dxc6 Rxc6 22.Kb1 Qb8
23.Qd2 b4 24.Nd5 b3 25.Bxf4 exf4 26.e5 Rc2 27.Nf6+ Nxf6 28.Qxd6 bxa2+ 29.Kxc2 Rc8+
30.Bc4 Rxc4+ 31.Kd3 Qb3+ 32.Ke2 Ne8 33.Qa3 Qb5 34.Ke1 Rc2  0-1

[Event "US Chess Masters 2017"]
[Site "Greensboro USA"]
[Date "2017.08.26"]
[Round "7.1"]
[White "Belous,V"]
[Black "Huschenbeth,N"]
[Result "1-0"]
[WhiteElo "2554"]
[BlackElo "2575"]

1.d4 d5 2.c4 dxc4 3.e4 Nf6 4.e5 Nd5 5.Bxc4 Bf5 6.Ne2 e6 7.O-O Be7 8.Nbc3 c6
9.Ng3 Bg6 10.f4 Qd7 11.f5 exf5 12.Qf3 Na6 13.Bxd5 cxd5 14.Nxd5 Bh4 15.Ne2 O-O
16.Bd2 h6 17.Bc3 Bh7 18.Nef4 Rad8 19.Kh1 Bg5 20.Rad1 Qc6 21.Rc1 Qa4 22.Qg3 Qxa2
23.h4 Bxh4 24.Nf6+ Bxf6 25.exf6 g5 26.Qh3 Kh8 27.Qxh6 Rg8 28.Rf3 g4 29.Re3 Nc7
30.Re7 Nb5 31.d5 Rxd5 32.Qg7+  1-0

[Event "ch-LTU Open Rapid 2017"]
[Site "Panevezys LTU"]
[Date "2017.08.27"]
[Round "11.5"]
[White "Malisauskas,V"]
[Black "Berzinsh,R"]
[Result "1-0"]
[WhiteElo "2410"]
[BlackElo "2444"]

1.d4 d5 2.c4 dxc4 3.e4 b5 4.a4 c6 5.b3 e5 6.Nf3 Nf6 7.axb5 cxb5 8.bxc4 exd4
9.Nbd2 Bb4 10.Qb3 Bc3 11.Bb2 b4 12.Bd3 Nbd7 13.O-O Nc5 14.Qc2 Bxb2 15.Qxb2 Nxd3
16.Qb3 Nf4 17.Qxb4 a5 18.Qb5+ Bd7 19.Qe5+ Ne6 20.Nxd4 O-O 21.Nf5 Qb8 22.Qc3 Qb4
23.Qe3 Qc5 24.Qg3 g6 25.Rfd1 Nh5 26.Qg4 Kh8  1-0

[Event "Zirndorf Cup 2017"]
[Site "Zirndorf GER"]
[Date "2017.08.31"]
[Round "2.9"]
[White "Stein,Marco"]
[Black "Marzano,C"]
[Result "0-1"]
[WhiteElo "2087"]
[BlackElo "2158"]

1.d4 d5 2.c4 dxc4 3.e4 Nc6 4.d5 Ne5 5.Bf4 Ng6 6.Bg3 e5 7.Bxc4 Nf6 8.Nd2 a6
9.Ngf3 Bd6 10.Qc2 Nh5 11.a3 Nhf4 12.Bxf4 Nxf4 13.Bf1 O-O 14.g3 Nh3 15.Ng1 Nxg1
16.Rxg1 Bd7 17.Bd3 Qe7 18.Kf1 g6 19.Kg2 f5 20.f3 h5 21.Nc4 Rac8 22.Nxd6 cxd6
23.Qd2 f4 24.Rac1 g5 25.Rxc8 Bxc8 26.gxf4 Rxf4 27.Qc2 Rf8 28.Kh1 Kh7 29.f4 gxf4
30.Be2 Kh6 31.Bf3 Bh3 32.Qe2 Qf7 33.Qf2 Qf6 34.Qb6 Qe7 35.b4 Qd7 36.Qf2 Qd8
37.a4 Bd7 38.Qg2 Qf6 39.Qe2 Be8 40.b5 axb5 41.axb5 b6 42.Qf2 Bxb5 43.Qxb6 Be8
44.Qf2 Bg6 45.Qg2 Rg8 46.Qh3 Rb8 47.Qg2 Rb4 48.Qe2 Rb3 49.Re1 Re3 50.Qf2 Rxe1+
51.Qxe1 h4 52.Qe2 Qd8 53.Bg4 Qb6 54.Kg2 Qb4 55.Bf3 Qa3 56.Qf2 Kg5 57.Kh3 Bxe4
58.Qxh4+ Kg6 59.Qh5+ Kf6 60.Qh6+ Kf7 61.Qe6+  0-1

[Event "21st Heraklion Open 2017"]
[Site "Heraklion GRE"]
[Date "2017.09.06"]
[Round "5.2"]
[White "Ahlander,B"]
[Black "Karpatchev,A"]
[Result "1/2-1/2"]
[WhiteElo "2433"]
[BlackElo "2508"]

1.d4 d5 2.c4 dxc4 3.e4 Nf6 4.e5 Nd5 5.Bxc4 Nb6 6.Bd3 Nc6 7.Be3 Nb4 8.Be4 f5
9.exf6 exf6 10.Nc3 f5 11.Bb1 N4d5 12.Nf3 Nxe3 13.fxe3 Bd6 14.O-O O-O 15.e4 c6
16.a4 fxe4 17.Bxe4 Be6 18.Qc2 h6 19.Rae1 Bc4 20.Bh7+ Kh8 21.Bd3 Bg8 22.Kh1 Nd5
23.Nxd5 Bxd5 24.Be4 Qa5 25.Bxd5 Qxd5 26.Qe4 Qxe4 27.Rxe4 Rfe8 28.Rfe1 Rxe4
29.Rxe4 a5 30.Kg1 Kg8 31.Kf2 Ra6 32.Nd2 Kf7 33.Nc4 Bc7 34.b3 Ra8 35.h3 Rd8
36.Ke3 Rd5 37.g4 b5 38.Nd2 Bb6 39.Nf3 bxa4 40.bxa4 c5 41.dxc5 Bxc5+ 42.Ke2 Kf6
43.h4 Rd8 44.Re5 Bb4 45.Re4 Rc8 46.Rf4+ Ke6 47.Re4+ Kf7 48.Rf4+ Kg8 49.Rd4 Rc2+
50.Kd3 Ra2 51.Ne5 Rxa4 52.Rd8+ Kh7 53.h5 Ra2 54.Kc4 Rg2 55.Kb3 Rg3+ 56.Kc2 g5
57.hxg6+ Kg7 58.Rd7+ Kf6 59.g7 Rc3+ 60.Kb2 Rc8 61.Nc6 Rg8 62.Nxb4 axb4 63.Kb3 Rxg7
64.Rxg7 Kxg7 65.Kxb4 Kg6 66.Kc3 Kg5 67.Kd2 Kxg4 68.Ke1 Kg3 69.Kf1  1/2-1/2

[Event "Montreal Open 2017"]
[Site "Montreal CAN"]
[Date "2017.09.08"]
[Round "1.8"]
[White "Berube,A"]
[Black "Jacquet,S"]
[Result "1/2-1/2"]
[WhiteElo "2143"]
[BlackElo "1972"]

1.d4 d5 2.c4 dxc4 3.e4 e5 4.Nf3 exd4 5.Bxc4 Bb4+ 6.Bd2 Bxd2+ 7.Nbxd2 Nf6
8.O-O O-O 9.e5 Nd5 10.Nxd4 Nc6 11.Nxc6 bxc6 12.Re1 Be6 13.Ne4 Qe7 14.Qf3 Rab8
15.b3 Rfd8 16.Rad1 a5 17.Qg3 a4 18.Ng5 axb3 19.Bxb3 Rb4 20.Nxe6 fxe6 21.Rc1 c5
22.h3 c6 23.Rc2 Nf4 24.Rc4 Rd4 25.Rxb4 cxb4 26.Kh2 c5 27.Rd1 Ne2 28.Qf3 Rxd1
29.Bxd1 Nd4 30.Qe4 Qd7 31.Qa8+ Kf7 32.Bh5+ g6 33.Qh8 gxh5 34.Qxh7+  1/2-1/2

[Event "19th Trieste Open 2017"]
[Site "Trieste ITA"]
[Date "2017.09.09"]
[Round "9.8"]
[White "Greenfeld,A"]
[Black "Mazi,L"]
[Result "1/2-1/2"]
[WhiteElo "2528"]
[BlackElo "2336"]

1.d4 d5 2.c4 dxc4 3.e4 Nf6 4.e5 Nd5 5.Bxc4 Nb6 6.Bd3 Nc6 7.Be3 Nb4 8.Be4 f5
9.a3 N4d5 10.Bxd5 Nxd5 11.Nc3 Be6 12.Nh3 Qd7 13.Rc1 g6 14.O-O c6 15.Qd2 h6
16.Nxd5 Bxd5 17.Nf4 g5 18.Nxd5 Qxd5 19.Rc5 Qe6 20.f4 gxf4 21.Bxf4 Rd8 22.Be3 Rg8
23.Qe2 Qg6 24.e6 Qxe6 25.Rcxf5 Rd5 26.Qh5+ Kd7 27.Re5 Rxe5 28.dxe5 Bg7 29.Bf4 Rf8
30.Rd1+ Kc8 31.Bg3 Rd8 32.Rxd8+ Kxd8 33.h3 b6 34.Kh2 Kd7 35.Qe2 Ke8 36.b4 c5
37.bxc5 bxc5 38.Qb5+ Kf7 39.Qxc5 a6 40.a4 Bh8 41.a5 Bg7 42.Qf2+ Kg6 43.Qd4 Kf7
44.Qe4 Bh8 45.Bf4 Bg7 46.Kg3 Qg6+ 47.Kf3 Qxe4+ 48.Kxe4 e6 49.g4 Kg6 50.Be3  1/2-1/2

[Event "2nd Fischer GM 2017"]
[Site "Anogia GRE"]
[Date "2017.09.14"]
[Round "4.3"]
[White "Le Ruyet,L"]
[Black "Karpatchev,A"]
[Result "0-1"]
[WhiteElo "2282"]
[BlackElo "2508"]

1.d4 d5 2.c4 dxc4 3.e4 Nf6 4.e5 Nd5 5.Bxc4 Nb6 6.Bd3 Nc6 7.Be3 Nb4 8.Be4 f5
9.a3 N4d5 10.Bd3 e6 11.Nh3 Nxe3 12.fxe3 Qh4+ 13.Nf2 Qg5 14.Qf3 Nd5 15.Ke2 Bd7
16.h4 Qe7 17.Bxf5 exf5 18.Qxd5 O-O-O 19.Nc3 Be6 20.Qa5 Bc4+ 21.Kd2 Kb8 22.Kc2 Qf7
23.Nh3 f4 24.Nxf4 Qf5+ 25.Kd1 Rxd4+ 26.exd4 Qxf4 27.Ne2 Qg4 28.Qd2 Be7 29.Qe3 Rd8
30.Qf3 Qg6 31.Rc1 Bd5 32.Qe3 c5 33.Ke1 cxd4 34.Qxd4 Qxg2 35.Rg1 Qh2 36.Qe3 Bxh4+
37.Kd2 Be4+ 38.Kc3 Qxe5+ 39.Nd4 Bf6 40.Rcd1 Qc5+  0-1

[Event "27th EY BU18 2017"]
[Site "Mamaia ROU"]
[Date "2017.09.14"]
[Round "9.5"]
[White "Akhvlediani,Irakli"]
[Black "Haldorsen,Benjamin"]
[Result "1/2-1/2"]
[WhiteElo "2303"]
[BlackElo "2397"]

1.d4 d5 2.c4 dxc4 3.e4 Nf6 4.e5 Nd5 5.Bxc4 Nb6 6.Bb3 Nc6 7.Be3 Bf5 8.Nf3 e6
9.Nc3 Nb4 10.O-O Be7 11.Rc1 c6 12.Qd2 O-O 13.h3  1/2-1/2

[Event "Copa Independencia CDMX"]
[Site "Mexico City MEX"]
[Date "2017.09.15"]
[Round "2.3"]
[White "Lane,S"]
[Black "Gomez Garrido,C"]
[Result "0-1"]
[WhiteElo "2042"]
[BlackElo "2522"]

1.d4 d5 2.c4 dxc4 3.e4 Nf6 4.e5 Nd5 5.Bxc4 Nb6 6.Bb3 Nc6 7.Ne2 Bf5 8.Nbc3 e6
9.O-O Qd7 10.Be3 O-O-O 11.Rc1 Kb8 12.Na4 h6 13.Nxb6 cxb6 14.Ba4 Rc8 15.a3 Be7
16.b4 Rhd8 17.Qb3 a6 18.Qb2 b5 19.Bb3 a5 20.d5 exd5 21.Rfd1 Be6 22.Bb6 a4
23.Bxd8 Bxd8 24.Ba2 Bc7 25.f4 g5 26.f5 Bxf5 27.Bxd5 Bxe5 28.Qa2 Qc7 29.Nd4 Qb6
30.Bxc6 Bxd4+ 31.Kh1 Rxc6 32.Qxf7 Bc8 33.Qe8 Bb2 34.Rxc6 Qxc6 35.Qe3 b6 36.Kg1 Bb7
37.Qg3+ Ka7 38.Rd3 Be5 39.Qf3 Qc1+ 40.Qd1 Qf4 41.Qh5 Bd4+  0-1

[Event "TCh-FIN 2017-18"]
[Site "Finland FIN"]
[Date "2017.09.16"]
[Round "1.6"]
[White "Penttinen,J"]
[Black "Kivimaki,Ja"]
[Result "1/2-1/2"]
[WhiteElo "2256"]
[BlackElo "2136"]

1.d4 d5 2.c4 dxc4 3.e4 e5 4.d5 Nf6 5.Nc3 b5 6.Bg5 a6 7.Nf3 Bd6 8.a4 b4 9.Nb1 h6
10.Bxf6 Qxf6 11.Qc2 Qg6 12.Nbd2 Nd7 13.Qxc4 O-O 14.a5 Nc5 15.Be2 Bd7 16.Qc2 b3
17.Qb1 f5 18.Nh4 Qf6 19.Nxf5 Nxe4 20.Qxe4 Bxf5 21.Qe3 Bb4 22.O-O  1/2-1/2